موضوعات خاصة في التربية الخاصة / (رقم التسجيلة. 39744)
[ عرض عادي ]
| 000 -الفاتح | |
|---|---|
| حقل البيانات ثابتة الطول | 00695cam a22002051i 4500 |
| 003 - محدد رقم الضبط | |
| رقم الضبط | OSt |
| 005 - وقت وتاريخ اخر تعامل مع التسجيلة | |
| رقم الضبط | 20160928083850.0 |
| 008 - عناصر البيانات ثابتة الطول - معلومات عامة | |
| حقل البيانات ثابتة الطول | 150329s2014 jo f 000 0 ara c |
| 020 ## - الرقم الدولى المعيارى للكتب | |
| الرقم الدولى المعيارى للكتاب | 9789957524968 |
| 040 ## - مصدر الفهرسة | |
| وكالة الفهرسة الأصلية | Ma-un |
| لغة الفهرسة | ara |
| 082 04 - رقم تصنيف ديوى العشرى | |
| رقم التصنيف | 371.9 |
| رقم الطبعة | 21 |
| رقم المادة | ق م م |
| 100 1# - المدخل الرئيسى - إسم شخصى | |
| الإسم الشخصى | القمش، مصطفى نوري |
| 9 (RLIN) | 56463 |
| 245 10 - بيان العنوان | |
| العنوان | موضوعات خاصة في التربية الخاصة / |
| بيان المسئوليه,etc | مصطفى نوري القمش. |
| 250 ## - بيان الطبعة | |
| بيان الطبعة | طبعة ملونة. |
| 300 ## - الوصف المادى | |
| التعداد | 372 ص. ؛ |
| أبعاد الوعاء | 24 سم. |
| 504 ## - تبصرة ببليوجرافية | |
| تبصرة ببليوجرافية,الخ | يشتمل علي إرجاعات ببليوجرافية. |
| 650 #7 - المدخل الاضافى بالموضوع-مصطلح موضوعى | |
| مصطلح موضوعي أو اسم جغرافي كعنصر مدخل | الطلاب المعوقون |
| التقسيم الفرعي العام | تعليم |
| 9 (RLIN) | 56464 |
| 650 #7 - المدخل الاضافى بالموضوع-مصطلح موضوعى | |
| مصطلح موضوعي أو اسم جغرافي كعنصر مدخل | التربية الخاصة |
| 9 (RLIN) | 56465 |
| 942 ## - عناصر المدخل الإضافي( كوها) | |
| Koha [default] item type | كتاب |
| حالة الفقد | نموذج السعر الفعال | حالة تلف | ليس للاعارة | رقم الطلب | تاريخ الاكتساب | الموقع الحالي | الباركود | الفرع الرئيسي | Date last seen | نوع المادة فى نظام كوها | مصدر التصنيف او خطة الترفيف | Total Checkouts |
|---|---|---|---|---|---|---|---|---|---|---|---|---|
| 2016-09-28 | 371.9 ق م م | 2016-09-28 | المكتبة المركزية بالمجمعة (CL) | 00140915 | المكتبة المركزية بالمجمعة (CL) | 2016-09-28 | كتاب | Dewey Decimal Classification | ||||
| 2016-09-28 | 371.9 ق م م | 2016-09-28 | المكتبة المركزية بالمجمعة (CL) | 00140916 | المكتبة المركزية بالمجمعة (CL) | 2016-09-28 | كتاب | Dewey Decimal Classification | ||||
| 2016-09-28 | 371.9 ق م م | 2016-09-28 | المكتبة المركزية بالمجمعة (CL) | 00140917 | المكتبة المركزية بالمجمعة (CL) | 2016-09-28 | كتاب | Dewey Decimal Classification | ||||
| 2016-09-28 | 371.9 ق م م | 2016-09-28 | مكتبة كلية التربية بالزلفى - طالبات (EZF) | 00140918 | مكتبة كلية التربية بالزلفى - طالبات (EZF) | 2016-09-28 | كتاب | Dewey Decimal Classification | ||||
| 2016-09-28 | 371.9 ق م م | 2016-09-28 | مكتبة كلية التربية بالزلفى - طالبات (EZF) | 00140919 | مكتبة كلية التربية بالزلفى - طالبات (EZF) | 2016-09-28 | كتاب | Dewey Decimal Classification | ||||
| 2016-09-28 | 371.9 ق م م | 2016-09-28 | مكتبة مجمع الطالبات بالمجمعة (EMF) | 00140920 | مكتبة مجمع الطالبات بالمجمعة (EMF) | 2016-09-28 | كتاب | Dewey Decimal Classification | ||||
| 2016-09-28 | 371.9 ق م م | 2016-09-28 | مكتبة مجمع الطالبات بالمجمعة (EMF) | 00140921 | مكتبة مجمع الطالبات بالمجمعة (EMF) | 2016-09-28 | كتاب | Dewey Decimal Classification |
